00339nam a2200109Ia 4500008004100000082001700041100002300058245005900081260003700140630001800177650003400195211109s9999||||xx |||||||||||||| ||und|| a597.8bMAR-F aMarshall, A Milnes 0aFrog:Introduction to Anatomy, Histology and Embryology bMac Millan and Co.aLondonc1919 xGeneral Stack aAND EFD ZOOLOGY FROGxZoology